000 00508nam a2200169 i 4500
001 94764
003 ES-MaACL
005 20230906181542.0
007 t|
008 050516s1969 sp ||||1| spa d
100 1 _aLuca de Tena, Juan Ignacio,
_d1897-1975
_974513
245 1 0 _a¿Quién soy yo?
_b: farsa en tres actos /
_cJuan Ignacio Luca de Tena.
260 _aMadrid :
_bPrensa Española,
_c1969.
300 _a147 p. ;
_c19 cm.
852 _aES-MaACL
_jC-35624
_bR.69013
999 _c94764
_d94764